000 00433nam a2200169 a 4500
001 0000-9316
003 ELIB.Books
008 110520 1935
035 _a(ELIB.Books)0000-9468
082 _a268.6
_bCam
100 _aCampbell, Doak S.
245 _aWhen Do Teachers Teach
260 _bNashville: Convention Press
_c1935
650 _aChristian Education
942 _2ddc
_cBK
998 _cbat
_e2011-05-20
999 _c9316
_d9316